Úspešnosť prístupov k tvorbe stratégie

Guardado en:
Detalles Bibliográficos
Autor principal: Hintošová, Aneta, 1979-
Formato: Capítulo de libro
Lenguaje:eslovaco
Etiquetas: Agregar Etiqueta
Sin Etiquetas, Sea el primero en etiquetar este registro!

MARC

LEADER 00000naa$a2200000$$$4500
001 0060571
005 20240502071654.0
041 0 |a slo 
044 |a SK 
245 1 0 |a Úspešnosť prístupov k tvorbe stratégie  |c Aneta Hintošová 
100 1 |a Hintošová, Aneta, 1979-